000 00804nam a2200229 i 4500
001 183551
003 ES-MaACL
005 20231106113202.0
008 140718s2013 sp |||| | spa d
020 _a978-84-616-6174-9
080 _a821.134.2
100 1 _aVasallo, Brigitte.
_9155010
245 1 0 _aPornoburka
_b: desventuras del Raval y otras f(r)icciones contemporáneas /
_cBrigitte Vasallo ; prólogo de Juan Goytisolo.
250 _a1ª ed.
260 _a[Barcelona] :
_bEdiciones Cautivas,
_c2013.
300 _a165 p. ;
_c22 cm.
700 1 _aGoytisolo, Juan.
_959422
852 _aES-MaACL
_jA-13161
_9190492
_bR.150023
_cDEPO1
_dOlim: N-6161
_hDonacion: de la autora Brigitte Vasallo
903 _9155010
_aVasallo, Brigitte
_ednr
942 _2udc
999 _c183551
_d183551